000 00460nam a2200169Ia 4500
005 20260330112728.0
008 260330s9999||||xx |||||||||||||| ||und||
020 _a9789582005993
041 _aspa
100 _aEdgar Morin
245 0 _aLos Siete Saberes Necesarios Para La Educación Del Futuro /
_cEdgar Morin
250 _a1 ed.
260 _aBogota, Colombia :
_bEditorial Magisterio.
_c1999
300 _a134 p.
650 _aEDUCACIÓN
942 _cBK
999 _c2684
_d2684